000 00771nam a2200205 a 4500
001 000005673
005 20200929151736.0
008 090821t200u dr ah r 000 0 spa d
040 _aDO-SdBNP
_bspa
_cBNPHU
082 _a362.87
_bM385m
100 1 _aMartínez Mateo, José María,
_d1947-
_916032
245 1 4 _aLas máquinas de la muerte /
_cJosé María Martínez Mateo.
260 _a[Santo Domingo :
_bs.n.,
_c200?].
300 _a207 p. :
_bil., facsíms. ;
_c21 cm.
500 _aIncluye datos biográficos del autor en la contracubierta
590 _aInventariado, 2018/BT
650 4 _aViolación de los derechos humanos
_xRelatos personales
_916033
650 4 _aReclamos contra la policía
_xRelatos personales
_916034
910 _aValidado. Control de calidad. EMS
999 _c5471
_d5471